[Event "Berlin-ch Seniors op 34th"]
[Site "Berlin"]
[Date "2018.01.31"]
[Round "2"]
[White "Hoppensack, Manfred"]
[Black "Borgwardt, Heinz"]
[Result "1-0"]
[WhiteElo "1881"]
[BlackElo "1551"]
[PlyCount "37"]
[EventDate "2018.01.30"]
[EventType "swiss"]
[EventRounds "9"]
[EventCountry "GER"]
[SourceTitle "EXT 2020"]
[Source "ChessBase"]
[SourceDate "2019.10.17"]
[SourceVersion "1"]
[SourceVersionDate "2019.10.17"]
[SourceQuality "1"]

1. e4 c5 2. Nf3 e6 3. d4 cxd4 4. Nxd4 Qb6 5. Nb3 Qc7 6. Nc3 a6 7. Bd3 Nf6 8. 0-0 Be7 9. f4 d6 10. Qf3 Nc6 11. Be3 0-0 12. a3 b5 13. g4 Bb7 14. Qh3 Rad8 15. g5 Nd7 16. f5 exf5 17. exf5 f6 18. g6 h6 19. Bxh6 1-0

[Event "Miedzyzdroje OB Seniors 24th"]
[Site "Miedzyzdroje"]
[Date "2016.06.18"]
[Round "2"]
[White "Heimann, Manfred"]
[Black "Hoppensack, Manfred"]
[Result "0-1"]
[WhiteElo "1202"]
[BlackElo "1945"]
[PlyCount "56"]
[EventDate "2016.06.17"]
[EventType "swiss"]
[EventRounds "9"]
[EventCountry "POL"]
[SourceTitle "EXT 2019"]
[Source "ChessBase"]
[SourceDate "2018.10.10"]
[SourceVersion "1"]
[SourceVersionDate "2018.10.10"]
[SourceQuality "1"]

1. c4 e5 2. g3 c6 3. e4 d5 4. cxd5 cxd5 5. Bg2 d4 6. d3 Nc6 7. a3 Nf6 8. h3 Be6 9. Ne2 Qd7 10. f4 exf4 11. Nxf4 Bd6 12. Qe2 g5 13. Nxe6 Bxg3+ 14. Kd1 Qxe6 15. Bxg5 Rg8 16. h4 h6 17. Bh3 Qb3+ 18. Kc1 hxg5 19. Nd2 Bf4 20. Rf1 Ne5 21. Kb1 Qxd3+ 22. Qxd3 Nxd3 23. hxg5 Bxg5 24. Nc4 Rd8 25. e5 Ne4 26. Ka2 Ndf2 27. Bf5 d3 28. Bxe4 Nxe4 0-1

[Event "Berlin-ch Seniors op 32nd"]
[Site "Berlin"]
[Date "2016.01.30"]
[Round "5"]
[White "Hoppensack, Manfred"]
[Black "Radjenovic, Branko"]
[Result "0-1"]
[WhiteElo "1965"]
[BlackElo "1822"]
[PlyCount "58"]
[EventDate "2016.01.26"]
[EventType "swiss"]
[EventRounds "9"]
[EventCountry "GER"]
[SourceTitle "EXT 2019"]
[Source "ChessBase"]
[SourceDate "2018.10.10"]
[SourceVersion "1"]
[SourceVersionDate "2018.10.10"]
[SourceQuality "1"]

1. e4 Nf6 2. Nc3 d6 3. d4 g6 4. Be2 Bg7 5. Be3 0-0 6. Qd2 Nc6 7. 0-0-0 e5 8. d5 Ne7 9. Bh6 Ng4 10. Bxg7 Kxg7 11. Bxg4 Bxg4 12. f3 Bd7 13. h4 f5 14. h5 f4 15. g3 g5 16. gxf4 gxf4 17. Nh3 h6 18. Rdg1+ Kh7 19. Qg2 Rg8 20. Qh2 Rxg1+ 21. Rxg1 Qf8 22. Nf2 Qf7 23. Qh4 Rf8 24. Ng4 Ng8 25. Ne2 Be8 26. Rh1 Nf6 27. Nxf6+ Qxf6 28. Qg4 Rg8 29. Qc8 Bb5 0-1

[Event "Berlin-ch Seniors op 32nd"]
[Site "Berlin"]
[Date "2016.01.29"]
[Round "4"]
[White "Sattler, Guenther"]
[Black "Hoppensack, Manfred"]
[Result "1/2-1/2"]
[WhiteElo "1703"]
[BlackElo "1965"]
[PlyCount "113"]
[EventDate "2016.01.26"]
[EventType "swiss"]
[EventRounds "9"]
[EventCountry "GER"]
[SourceTitle "EXT 2019"]
[Source "ChessBase"]
[SourceDate "2018.10.10"]
[SourceVersion "1"]
[SourceVersionDate "2018.10.10"]
[SourceQuality "1"]

1. d4 Nf6 2. Nf3 e6 3. e3 Bb4+ 4. Bd2 Qe7 5. a3 Bxd2+ 6. Nbxd2 d6 7. c4 e5 8. d5 e4 9. Nd4 Bg4 10. Be2 Bxe2 11. Nxe2 Nbd7 12. Ng3 0-0 13. 0-0 a5 14. b4 axb4 15. axb4 Qe5 16. Rb1 Ra2 17. Qc1 b5 18. Rd1 Nb6 19. h3 Ra7 20. Ne2 bxc4 21. Nxc4 Nxc4 22. Qxc4 Rc8 23. b5 Qe8 24. Nd4 Nd7 25. Nc6 Raa8 26. Qd4 Nb6 27. Ra1 f5 28. Rxa8 Rxa8 29. Ra1 Kf7 30. Ra7 Rxa7 31. Nxa7 Qe5 32. Nc6 Qxd4 33. Nxd4 Kf6 34. f4 Nxd5 35. Kf2 h6 36. g4 g6 37. gxf5 gxf5 38. Nc2 Nc3 39. Nd4 Kg6 40. Ke1 Kf6 41. Kd2 Nd5 42. h4 h5 43. Ke2 Ne7 44. Kf2 Kf7 45. Kg3 Kf6 46. Kf2 Ng6 47. Kg3 Nf8 48. Kf2 Ne6 49. Nb3 Ke7 50. Ke2 Kd7 51. Kd2 c5 52. bxc6+ Kxc6 53. Kc3 Kb5 54. Nc1 d5 55. Ne2 Kc5 56. Ng3 Ng7 57. Ne2 1/2-1/2

[Event "Berlin-ch Seniors op 31st"]
[Site "Berlin"]
[Date "2015.02.02"]
[Round "4"]
[White "Hoppensack, Manfred"]
[Black "Sube, Guenter"]
[Result "1-0"]
[WhiteElo "1825"]
[BlackElo "1616"]
[PlyCount "63"]
[EventDate "2015.01.29"]
[EventType "swiss"]
[EventRounds "9"]
[EventCountry "GER"]
[SourceTitle "EXT 2018"]
[Source "ChessBase"]
[SourceDate "2017.10.13"]
[SourceVersion "1"]
[SourceVersionDate "2017.10.13"]
[SourceQuality "1"]

1. e4 e6 2. d4 d5 3. Nd2 dxe4 4. Nxe4 Nd7 5. Bd3 Be7 6. Qe2 Ngf6 7. Nf3 Nxe4 8. Bxe4 Nf6 9. Bxb7 Bxb7 10. Qb5+ Nd7 11. Qxb7 0-0 12. 0-0 Nb6 13. Qe4 Nd5 14. c4 Nf6 15. Qc6 Rb8 16. Qa4 Rb7 17. Rd1 Qb8 18. Ne5 Rb4 19. Qc2 Qa8 20. a3 Rb6 21. Bg5 Rd8 22. b4 h6 23. Be3 Rbd6 24. b5 Bf8 25. Nc6 R8d7 26. Qa4 a6 27. c5 Rd5 28. bxa6 Bxc5 29. Ne5 Rd8 30. dxc5 Rxe5 31. Rxd8+ Qxd8 32. a7 1-0

[Event "Berlin-ch Seniors op 31st"]
[Site "Berlin"]
[Date "2015.01.29"]
[Round "1"]
[White "Timm, Christian"]
[Black "Hoppensack, Manfred"]
[Result "0-1"]
[WhiteElo "1456"]
[BlackElo "1825"]
[PlyCount "72"]
[EventDate "2015.01.29"]
[EventType "swiss"]
[EventRounds "9"]
[EventCountry "GER"]
[SourceTitle "EXT 2018"]
[Source "ChessBase"]
[SourceDate "2017.10.13"]
[SourceVersion "1"]
[SourceVersionDate "2017.10.13"]
[SourceQuality "1"]

1. e4 e6 2. d4 d5 3. e5 c5 4. c3 Nc6 5. Nf3 Qb6 6. a4 cxd4 7. cxd4 Nge7 8. Nc3 Nf5 9. Bb5 Bd7 10. Be3 a6 11. Bxc6 Bxc6 12. b3 Nxe3 13. fxe3 Bb4 14. Rc1 Qa5 15. Qd3 b5 16. 0-0 bxa4 17. Ng5 Bxc3 18. Qxc3 Qxc3 19. Rxc3 Bb5 20. Rf2 0-0 21. bxa4 Bxa4 22. Rc7 Be8 23. h4 h6 24. Nf3 Bb5 25. Nd2 Rac8 26. Rxc8 Rxc8 27. e4 Bc6 28. exd5 Bxd5 29. Kh2 a5 30. Nf1 Rc3 31. Rd2 a4 32. Rd1 a3 33. Ng3 Rc2 34. Ra1 a2 35. Nf1 Rxg2+ 36. Kh3 Rb2 0-1

[Event "Berlin-ch Seniors op 30th"]
[Site "Berlin"]
[Date "2014.02.03"]
[Round "5"]
[White "Rahls, Peter"]
[Black "Hoppensack, Manfred"]
[Result "1-0"]
[WhiteElo "2169"]
[BlackElo "1847"]
[PlyCount "77"]
[EventDate "2014.01.30"]
[EventType "swiss"]
[EventRounds "9"]
[EventCountry "GER"]
[SourceTitle "EXT 2018"]
[Source "ChessBase"]
[SourceDate "2017.10.13"]
[SourceVersion "1"]
[SourceVersionDate "2017.10.13"]
[SourceQuality "1"]

1. e4 e6 2. d4 d5 3. e5 c5 4. c3 Nc6 5. Nf3 Qb6 6. a3 Bd7 7. b4 cxd4 8. cxd4 Rc8 9. Be3 Nce7 10. Bd3 Bb5 11. 0-0 Nf5 12. Bxb5+ Qxb5 13. Qb3 Nge7 14. Nc3 Qd3 15. Qa4+ Nc6 16. Rac1 Nxe3 17. fxe3 Be7 18. b5 Nd8 19. b6+ Nc6 20. bxa7 0-0 21. Nb5 Qxe3+ 22. Kh1 Qe2 23. Rfe1 Qb2 24. Rc2 Qxc2 25. Qxc2 Nxa7 26. Qb3 Nxb5 27. Qxb5 Bxa3 28. Qxb7 Rc1 29. Rxc1 Bxc1 30. g3 Bh6 31. Kg2 g6 32. h4 Bg7 33. Nh2 h6 34. Ng4 h5 35. Nf2 Bh6 36. Kf3 Kg7 37. Nd3 Kg8 38. Nc5 Kg7 39. Nxe6+ 1-0

[Event "Berlin Lichtenberger op 10th"]
[Site "Berlin"]
[Date "2011.08.20"]
[Round "8"]
[White "Hoppensack, Manfred"]
[Black "Boeck, Moacir Luis"]
[Result "1/2-1/2"]
[WhiteElo "2058"]
[BlackElo "1830"]
[PlyCount "56"]
[EventDate "2011.08.13"]
[EventType "swiss"]
[EventRounds "9"]
[EventCountry "GER"]
[SourceTitle "CBM 143 Extra"]
[Source "ChessBase"]
[SourceDate "2011.08.29"]
[SourceVersion "1"]
[SourceVersionDate "2011.08.29"]
[SourceQuality "1"]

1. e4 e5 2. Nc3 Nf6 3. f4 Nc6 4. Nf3 d6 5. Bb5 Bd7 6. Bxc6 Bxc6 7. fxe5 Nxe4 8. Qe2 Nxc3 9. dxc3 Be7 10. 0-0 0-0 11. Nd4 Bd7 12. Bf4 dxe5 13. Bxe5 Bc5 14. Qc4 b6 15. Kh1 Qg5 16. Bf4 Qg6 17. b4 Bd6 18. Bxd6 Qxd6 19. Rad1 Be6 20. Nxe6 Qxe6 21. Qxe6 fxe6 22. Rxf8+ Rxf8 23. Kg1 Rf7 24. Re1 Rf6 25. Rd1 g6 26. Rd8+ Rf8 27. Rd7 Rf7 28. Rd8+ Rf8 1/2-1/2

[Event "Berlin Lichtenberger op 10th"]
[Site "Berlin"]
[Date "2011.08.19"]
[Round "7"]
[White "Lehmann, Patricia"]
[Black "Hoppensack, Manfred"]
[Result "0-1"]
[WhiteElo "1601"]
[BlackElo "2058"]
[PlyCount "112"]
[EventDate "2011.08.13"]
[EventType "swiss"]
[EventRounds "9"]
[EventCountry "GER"]
[SourceTitle "CBM 143 Extra"]
[Source "ChessBase"]
[SourceDate "2011.08.29"]
[SourceVersion "1"]
[SourceVersionDate "2011.08.29"]
[SourceQuality "1"]

1. d4 e6 2. c4 Nf6 3. Nf3 Bb4+ 4. Nc3 b6 5. g3 Bb7 6. Bg2 0-0 7. 0-0 d5 8. cxd5 Nxd5 9. Qc2 Nf6 10. Bg5 Nbd7 11. Ne5 Bxg2 12. Kxg2 Nxe5 13. dxe5 Bxc3 14. Rad1 Bd4 15. Qc4 Qd5+ 16. Qxd5 Nxd5 17. Rxd4 c5 18. Rdd1 f6 19. exf6 gxf6 20. Bh6 Rfd8 21. a3 Ne7 22. Bf4 e5 23. Bc1 Nc6 24. f4 e4 25. e3 Rxd1 26. Rxd1 Rd8 27. Rxd8+ Nxd8 28. b4 c4 29. Bb2 Kf7 30. Kh3 Nc6 31. Kg4 Ne7 32. f5 Nd5 33. Bc1 Nc3 34. Bb2 Ne2 35. h4 c3 36. Bxc3 Nxc3 37. Kf4 a5 38. g4 h6 39. g5 fxg5+ 40. hxg5 hxg5+ 41. Kxg5 a4 42. f6 Nd5 43. Kf5 Nxf6 44. Ke5 Ke7 45. Kf5 Nd5 46. Kxe4 Nxb4 47. Kd4 Nc2+ 48. Kc3 Nxa3 49. Kb4 b5 50. Kxa3 Ke6 51. Kb4 Ke5 52. Ka3 Ke4 53. Kb4 Kxe3 54. Ka3 Kd2 55. Kb4 Kc2 56. Ka3 Kc3 0-1

[Event "Berlin-ch Seniors op 27th"]
[Site "Berlin"]
[Date "2011.02.01"]
[Round "4"]
[White "Schraepel, Manfred"]
[Black "Hoppensack, Manfred"]
[Result "1/2-1/2"]
[WhiteElo "1688"]
[BlackElo "1911"]
[PlyCount "114"]
[EventDate "2011.01.29"]
[EventType "swiss"]
[EventRounds "9"]
[EventCountry "GER"]
[SourceTitle "EXT 2012"]
[Source "ChessBase"]
[SourceDate "2011.11.24"]
[SourceVersion "1"]
[SourceVersionDate "2011.11.24"]
[SourceQuality "1"]

1. d4 e6 2. Nf3 Nf6 3. e3 d5 4. Bd3 Bd6 5. Nbd2 0-0 6. 0-0 Nc6 7. c3 e5 8. e4 exd4 9. cxd4 dxe4 10. Nxe4 Be7 11. Nxf6+ Bxf6 12. d5 Ne7 13. Ng5 Ng6 14. Qh5 Bxg5 15. Qxg5 Qxg5 16. Bxg5 Bd7 17. Rfe1 f6 18. Bxg6 fxg5 19. Bd3 Rfe8 20. Kf1 Rxe1+ 21. Rxe1 Re8 22. Rxe8+ Bxe8 23. Ke2 Bf7 24. Be4 Kf8 25. Ke3 Ke7 26. Kd4 Kd6 27. a3 a5 28. b4 axb4 29. axb4 h5 30. h3 Be8 31. Bf3 Bg6 32. g3 h4 33. g4 Be8 34. Be2 Ba4 35. Bf3 Bb3 36. Bg2 Bd1 37. Ke4 g6 38. Kd4 Be2 39. Ke4 Bc4 40. Kd4 b5 41. f4 gxf4 42. g5 Be2 43. Be4 Bf1 44. Bxg6 Bxh3 45. Be4 Bg4 46. g6 Bh5 47. g7 Bf7 48. Bg2 Bg8 49. Ke4 Bxd5+ 50. Kxf4 Bg8 51. Kg5 c5 52. bxc5+ Kxc5 53. Kxh4 Kd4 54. Bh3 b4 55. Bf5 Ke5 56. Kg5 b3 57. Bb1 b2 1/2-1/2

[Event "Berlin-ch Seniors op 27th"]
[Site "Berlin"]
[Date "2011.01.30"]
[Round "2"]
[White "Loncarevic, Marko"]
[Black "Hoppensack, Manfred"]
[Result "0-1"]
[WhiteElo "1529"]
[BlackElo "1911"]
[PlyCount "72"]
[EventDate "2011.01.29"]
[EventType "swiss"]
[EventRounds "9"]
[EventCountry "GER"]
[SourceTitle "EXT 2012"]
[Source "ChessBase"]
[SourceDate "2011.11.24"]
[SourceVersion "1"]
[SourceVersionDate "2011.11.24"]
[SourceQuality "1"]

1. e4 e6 2. Nc3 d5 3. exd5 exd5 4. Qh5 Nf6 5. Qe5+ Be7 6. Nb5 Na6 7. Be2 0-0 8. c3 c6 9. Nd4 Bd6 10. Qe3 Ng4 11. Qf3 Re8 12. Kd1 Nc5 13. g3 Ne4 14. Nh3 Ne5 15. Qe3 Bxh3 16. f4 Ng4 17. Bxg4 Bxg4+ 18. Kc2 c5 19. Nb5 a6 20. Nxd6 Nxd6 21. Qxc5 Bf5+ 22. d3 Re2+ 23. Bd2 Rc8 24. Qa7 Nc4 25. Rad1 Ne3+ 26. Qxe3 Rxe3 27. Bxe3 d4 28. Bd2 Qa5 29. Ra1 Qd5 30. Rhd1 Qf3 31. Be1 Qe2+ 32. Kb3 Bxd3 33. Rd2 Bc4+ 34. Ka3 Qe7+ 35. b4 dxc3 36. Rd4 Qe3 0-1

[Event "GER-ch Seniors 22nd"]
[Site "Berlin"]
[Date "2010.08.23"]
[Round "8"]
[White "Leiber, Bernhard"]
[Black "Hoppensack, Manfred"]
[Result "1-0"]
[WhiteElo "2043"]
[BlackElo "1888"]
[PlyCount "83"]
[EventDate "2010.08.16"]
[EventType "swiss"]
[EventRounds "9"]
[EventCountry "GER"]
[SourceTitle "CBM 138 Extra"]
[Source "ChessBase"]
[SourceDate "2010.10.29"]
[SourceVersion "1"]
[SourceVersionDate "2010.10.29"]
[SourceQuality "1"]

1. e4 e6 2. d4 d5 3. Nc3 Nf6 4. Bg5 dxe4 5. Nxe4 Nbd7 6. Nf3 Be7 7. Nxf6+ Bxf6 8. Bxf6 Qxf6 9. Bd3 c5 10. Qe2 0-0 11. 0-0-0 cxd4 12. Qe4 Qh6+ 13. Kb1 Nf6 14. Qxd4 Qh5 15. Ne5 Nd5 16. c4 f6 17. Ng4 f5 18. Ne5 Ne7 19. Rd2 Qe8 20. Be2 Ng6 21. Bf3 Nxe5 22. Qxe5 Qe7 23. Rhd1 g6 24. c5 a5 25. Rd6 Qg7 26. Qxg7+ Kxg7 27. Bxb7 Bxb7 28. Rd7+ Rf7 29. Rxf7+ Kxf7 30. Rd7+ Kf6 31. Rxb7 Rc8 32. Rb5 Ra8 33. b3 Ke5 34. a3 Kd4 35. Kc2 e5 36. c6 e4 37. g3 e3 38. fxe3+ Kxe3 39. Rc5 Kd4 40. b4 h5 41. c7 Rc8 42. Rc3 1-0

[Event "GER-ch Seniors 22nd"]
[Site "Berlin"]
[Date "2010.08.20"]
[Round "5"]
[White "Hoppensack, Manfred"]
[Black "Kraft, Gerhard"]
[Result "1/2-1/2"]
[WhiteElo "1888"]
[BlackElo "1652"]
[PlyCount "49"]
[EventDate "2010.08.16"]
[EventType "swiss"]
[EventRounds "9"]
[EventCountry "GER"]
[SourceTitle "CBM 138 Extra"]
[Source "ChessBase"]
[SourceDate "2010.10.29"]
[SourceVersion "1"]
[SourceVersionDate "2010.10.29"]
[SourceQuality "1"]

1. e4 e5 2. Nc3 Nf6 3. f4 d5 4. fxe5 Nxe4 5. Nf3 Bc5 6. d4 Bb4 7. Bd2 Bg4 8. Nxe4 dxe4 9. Bxb4 exf3 10. Qd3 Nc6 11. Bc3 Qd5 12. gxf3 Bxf3 13. Rg1 g6 14. Rg3 Be4 15. Qe3 0-0-0 16. Rg4 f5 17. Rxe4 Qxe4 18. Qxe4 fxe4 19. Rd1 Ne7 20. Bg2 Nd5 21. Bxe4 Nxc3 22. bxc3 c6 23. Ke2 Rhf8 24. Ke3 Rde8 25. h3 1/2-1/2

[Event "GER-ch Seniors 22nd"]
[Site "Berlin"]
[Date "2010.08.18"]
[Round "3"]
[White "Villing, Dieter"]
[Black "Hoppensack, Manfred"]
[Result "1-0"]
[WhiteElo "2070"]
[BlackElo "1888"]
[PlyCount "115"]
[EventDate "2010.08.16"]
[EventType "swiss"]
[EventRounds "9"]
[EventCountry "GER"]
[SourceTitle "CBM 138 Extra"]
[Source "ChessBase"]
[SourceDate "2010.10.29"]
[SourceVersion "1"]
[SourceVersionDate "2010.10.29"]
[SourceQuality "1"]

1. e4 e6 2. d4 d5 3. Nc3 Nf6 4. Bg5 dxe4 5. Nxe4 Nbd7 6. Nf3 h6 7. Bxf6 Nxf6 8. Bd3 Bd6 9. Qe2 Nd5 10. 0-0-0 Nf4 11. Qf1 Nxd3+ 12. Qxd3 Bd7 13. Rhe1 0-0 14. Ne5 Bc6 15. Nxc6 bxc6 16. Nxd6 cxd6 17. Qe4 Qb6 18. Rd3 Rab8 19. Rb3 Qa6 20. Kb1 Rb6 21. Rxb6 Qxb6 22. Re3 Qa6 23. Qd3 Qxd3 24. Rxd3 Rb8 25. Ra3 Rb7 26. Ra6 Rc7 27. b4 Kf8 28. Kb2 Ke7 29. Kb3 Kd7 30. c4 Kc8 31. a4 Kb7 32. b5 f6 33. f4 g5 34. fxg5 fxg5 35. a5 cxb5 36. cxb5 Rd7 37. Rc6 Rd8 38. g4 Rd7 39. h3 Rd8 40. Kb4 Rd7 41. a6+ Kb8 42. Ka5 e5 43. dxe5 dxe5 44. Re6 Rd3 45. Rxh6 e4 46. Re6 e3 47. Kb4 Kc7 48. Kc4 Ra3 49. Kd4 Rb3 50. Rxe3 Rxb5 51. Re5 Rb6 52. Rxg5 Rxa6 53. Rg7+ Kd8 54. h4 Ke8 55. Rc7 Rg6 56. g5 a5 57. Ke5 a4 58. Ra7 1-0

[Event "GER-ch Seniors 22nd"]
[Site "Berlin"]
[Date "2010.08.17"]
[Round "2"]
[White "Hoppensack, Manfred"]
[Black "Dushatskiy, Fedor"]
[Result "1/2-1/2"]
[WhiteElo "1888"]
[BlackElo "2097"]
[PlyCount "43"]
[EventDate "2010.08.16"]
[EventType "swiss"]
[EventRounds "9"]
[EventCountry "GER"]
[SourceTitle "CBM 138 Extra"]
[Source "ChessBase"]
[SourceDate "2010.10.29"]
[SourceVersion "1"]
[SourceVersionDate "2010.10.29"]
[SourceQuality "1"]

1. e4 c5 2. Nf3 d6 3. d4 cxd4 4. Nxd4 Nf6 5. Nc3 Nc6 6. Be2 Bd7 7. 0-0 g6 8. h4 h5 9. Bg5 Bg7 10. Nf3 Qa5 11. a3 Rc8 12. Bf4 Ng4 13. Bd2 Qd8 14. Rb1 Nce5 15. Nxe5 Bxe5 16. g3 a6 17. Nd5 Nf6 18. Be3 Nxd5 19. exd5 Bf5 20. Bd3 Bg4 21. Be2 Bf5 22. Bd3 1/2-1/2

[Event "Berlin-ch Seniors op 26th"]
[Site "Berlin"]
[Date "2010.02.14"]
[Round "6"]
[White "Hoppensack, Manfred"]
[Black "Kohlmeyer, Dagobert"]
[Result "1-0"]
[WhiteElo "1920"]
[BlackElo "1720"]
[PlyCount "109"]
[EventDate "2010.02.09"]
[EventType "swiss"]
[EventRounds "9"]
[EventCountry "GER"]
[SourceTitle "EXT 2012"]
[Source "ChessBase"]
[SourceDate "2011.11.24"]
[SourceVersion "1"]
[SourceVersionDate "2011.11.24"]
[SourceQuality "1"]

1. e4 e6 2. d4 d5 3. Nd2 c5 4. exd5 exd5 5. Qe2+ Be7 6. dxc5 Nc6 7. Nb3 Nf6 8. Be3 0-0 9. Qd3 Re8 10. Nf3 Ng4 11. 0-0-0 Nxe3 12. fxe3 Be6 13. h4 g6 14. Qc3 Bf6 15. Nbd4 Bg4 16. Bb5 Nxd4 17. exd4 Re4 18. Rhe1 Qc7 19. Bd3 Qf4+ 20. Qd2 Qxd2+ 21. Rxd2 Rxe1+ 22. Nxe1 Bxh4 23. Be2 Bxe1 24. Bxg4 Bxd2+ 25. Kxd2 Kf8 26. Bf3 Rd8 27. Kd3 Ke7 28. c4 dxc4+ 29. Kxc4 Rd7 30. b4 f5 31. b5 g5 32. d5 g4 33. d6+ Kd8 34. Bd5 f4 35. Be6 Rg7 36. c6 bxc6 37. bxc6 f3 38. c7+ Rxc7+ 39. dxc7+ Kxc7 40. gxf3 gxf3 41. Kd3 Kd6 42. Bf5 h6 43. Bg6 Ke5 44. Ke3 f2 45. Kxf2 Kf4 46. Ke2 Ke5 47. Kd3 Kd5 48. Bf7+ Ke5 49. Kc4 Kd6 50. Kb5 Kc7 51. Ka6 Kb8 52. Bh5 Ka8 53. a4 Kb8 54. Bf3 Kc7 55. Kxa7 1-0

[Event "Berlin-ch Seniors op 26th"]
[Site "Berlin"]
[Date "2010.02.13"]
[Round "5"]
[White "Hankow, Bert Juergen"]
[Black "Hoppensack, Manfred"]
[Result "1/2-1/2"]
[WhiteElo "1839"]
[BlackElo "1920"]
[PlyCount "41"]
[EventDate "2010.02.09"]
[EventType "swiss"]
[EventRounds "9"]
[EventCountry "GER"]
[SourceTitle "EXT 2012"]
[Source "ChessBase"]
[SourceDate "2011.11.24"]
[SourceVersion "1"]
[SourceVersionDate "2011.11.24"]
[SourceQuality "1"]

1. d4 Nf6 2. c4 e6 3. Nc3 Bb4 4. Bg5 h6 5. Bh4 c5 6. d5 Qa5 7. Bxf6 gxf6 8. Qc2 Bxc3+ 9. bxc3 e5 10. e3 d6 11. Bd3 Rg8 12. g3 Bg4 13. f3 Bh5 14. g4 Bg6 15. Ne2 Nd7 16. e4 0-0-0 17. Ng3 Rh8 18. 0-0-0 h5 19. h3 Rh7 20. Rh2 h4 21. Nf1 1/2-1/2

[Event "Berlin Hellersdorf op"]
[Site "Berlin"]
[Date "2010.01.09"]
[Round "2"]
[White "Hoppensack, Manfred"]
[Black "Ostwald, Tobias"]
[Result "1-0"]
[WhiteElo "1952"]
[BlackElo "1606"]
[PlyCount "163"]
[EventDate "2010.01.08"]
[EventType "swiss"]
[EventRounds "5"]
[EventCountry "GER"]
[SourceTitle "EXT 2012"]
[Source "ChessBase"]
[SourceDate "2011.11.24"]
[SourceVersion "1"]
[SourceVersionDate "2011.11.24"]
[SourceQuality "1"]

1. e4 c5 2. Nf3 Nc6 3. d4 cxd4 4. Nxd4 e5 5. Nb5 d6 6. N1c3 a6 7. Na3 b5 8. Nd5 Nf6 9. Bg5 Be7 10. Bxf6 Bxf6 11. c4 b4 12. Nc2 a5 13. Be2 0-0 14. 0-0 Bg5 15. Bg4 Be6 16. b3 Ne7 17. Nde3 g6 18. Bxe6 fxe6 19. Qg4 Nc6 20. Qxe6+ Kg7 21. Rad1 Rf6 22. Qd5 Ne7 23. Qd3 Qb6 24. Kh1 a4 25. f3 h5 26. Ra1 Rff8 27. Rfd1 Rfd8 28. Rdb1 Qc5 29. Nd1 Nc6 30. Nb2 a3 31. Nd1 Ra7 32. Nde3 Bxe3 33. Nxe3 Ne7 34. Re1 Ra5 35. Nc2 Nc6 36. Rad1 Ra7 37. Qe3 Qxe3 38. Rxe3 Kf7 39. Red3 Ke7 40. Rd5 Rb7 41. Rb5 Rdb8 42. Rdd5 Ke6 43. Kg1 Na7 44. Rxb7 Rxb7 45. Kf2 g5 46. Ne3 Nc6 47. Nf5 Rd7 48. Ke3 h4 49. Rb5 Rd8 50. Rb6 Kd7 51. Kd3 Rb8 52. Rxb8 Nxb8 53. g3 hxg3 54. hxg3 Ke6 55. Ne3 Na6 56. Nd5 Nc5+ 57. Kc2 Na6 58. Nb6 Nc5 59. Na4 g4 60. Nxc5+ dxc5 61. fxg4 Kf6 62. Kd3 Kg5 63. Ke3 Kxg4 64. Kf2 Kh5 65. Kf3 Kg5 66. Kg2 Kh5 67. Kh3 Kg5 68. g4 Kf4 69. Kh4 Kxe4 70. Kh5 Kf4 71. g5 e4 72. g6 e3 73. g7 e2 74. g8Q e1Q 75. Qf7+ Kg3 76. Qc7+ Kh3 77. Qxc5 Qe2+ 78. Kg6 Qg4+ 79. Kf6 Qh4+ 80. Qg5 Qf2+ 81. Qf5+ Qxf5+ 82. Kxf5 1-0

[Event "Berlin Lichtenberger op 8th"]
[Site "Berlin"]
[Date "2009.08.23"]
[Round "9"]
[White "Hoppensack, Manfred"]
[Black "Scheide, Helmut"]
[Result "1-0"]
[WhiteElo "2029"]
[BlackElo "1971"]
[PlyCount "71"]
[EventDate "2009.08.15"]
[EventType "swiss"]
[EventRounds "9"]
[EventCountry "GER"]
[SourceTitle "CBM 131 Extra"]
[Source "ChessBase"]
[SourceDate "2009.09.03"]
[SourceVersion "2"]
[SourceVersionDate "2009.09.16"]
[SourceQuality "1"]

1. e4 e5 2. Nc3 Nf6 3. f4 d5 4. fxe5 Nxe4 5. Nf3 Be7 6. d4 0-0 7. Bd3 f5 8. Ne2 Nc6 9. c3 Be6 10. Nf4 Qd7 11. Be3 Bf7 12. Qa4 a6 13. 0-0 g5 14. e6 Bxe6 15. Nxe6 Qxe6 16. Bxe4 Qxe4 17. Rae1 Qg4 18. Qb3 f4 19. Qxd5+ Rf7 20. Bc1 Qf5 21. Qc4 Bd6 22. Qb3 b5 23. a4 Kg7 24. axb5 axb5 25. d5 Na5 26. Qxb5 c6 27. Qa4 Qxd5 28. b4 Qb3 29. Qxb3 Nxb3 30. Nxg5 Rf5 31. Bxf4 Bxf4 32. Ne6+ Kh6 33. Nxf4 Ra2 34. Re6+ Kg7 35. Rxc6 Re5 36. Ne6+ 1-0

[Event "Berlin Lichtenberger op 8th"]
[Site "Berlin"]
[Date "2009.08.20"]
[Round "6"]
[White "Casny, Guenter"]
[Black "Hoppensack, Manfred"]
[Result "0-1"]
[WhiteElo "1865"]
[BlackElo "2029"]
[PlyCount "66"]
[EventDate "2009.08.15"]
[EventType "swiss"]
[EventRounds "9"]
[EventCountry "GER"]
[SourceTitle "CBM 131 Extra"]
[Source "ChessBase"]
[SourceDate "2009.09.03"]
[SourceVersion "2"]
[SourceVersionDate "2009.09.16"]
[SourceQuality "1"]

1. Nf3 Nc6 2. g3 e5 3. d3 d5 4. Bg2 Bg4 5. 0-0 Qd7 6. e4 dxe4 7. dxe4 Qxd1 8. Rxd1 Nd4 9. Nbd2 Nxc2 10. Rb1 f6 11. h3 Be6 12. b3 0-0-0 13. Bb2 Nb4 14. Nc4 Rxd1+ 15. Rxd1 Nxa2 16. Ra1 Nb4 17. Rxa7 Kb8 18. Ra1 Nd3 19. Ba3 Bxa3 20. Rxa3 Ne7 21. Bf1 Rd8 22. Nfd2 Nc6 23. Ra2 Nc5 24. Kg2 Nb4 25. Rb2 Rd4 26. f3 g5 27. g4 Ncd3 28. Rb1 Nf4+ 29. Kg3 b5 30. Na3 Rxd2 31. Nxb5 Nbd3 32. h4 Rb2 33. Rxb2 Nxb2 0-1

[Event "Berlin Lichtenberger op 8th"]
[Site "Berlin"]
[Date "2009.08.18"]
[Round "4"]
[White "Hoppensack, Manfred"]
[Black "Rabiega, Robert"]
[Result "0-1"]
[WhiteElo "2029"]
[BlackElo "2551"]
[PlyCount "54"]
[EventDate "2009.08.15"]
[EventType "swiss"]
[EventRounds "9"]
[EventCountry "GER"]
[SourceTitle "CBM 131 Extra"]
[Source "ChessBase"]
[SourceDate "2009.09.03"]
[SourceVersion "2"]
[SourceVersionDate "2009.09.16"]
[SourceQuality "1"]

1. e4 e5 2. Nc3 Nf6 3. f4 d5 4. fxe5 Nxe4 5. Nf3 Bc5 6. d4 Bb4 7. Bd2 Bg4 8. Nxe4 dxe4 9. Bxb4 exf3 10. Qd2 Qd5 11. gxf3 Bxf3 12. Rg1 Nc6 13. Bc3 0-0-0 14. Kf2 f6 15. exf6 gxf6 16. Rg3 Be4 17. Rd1 f5 18. Kg1 Rhf8 19. h4 Rg8 20. Rg5 h6 21. Rxg8 Rxg8+ 22. Kf2 Qd6 23. Ke1 Bf3 24. Qe3 Bxd1 25. Kxd1 Rd8 26. Bd3 Nxd4 27. Bxd4 Qxd4 0-1